000 00527nam a2200169 a 4500
001 000035309
005 20200930074240.0
008 111027s2007 xxu 000 0 spa d
020 _a9781933439129
040 _aDO-SdBNP
_bspa
_cBNPHU
100 1 _aGutiérrez, José Ismael
_942791
245 1 0 _aReinaldo Arenas :
_bentre el placer y el infierno /.
260 _aCanadá :
_bCursack Book,
_c2007.
300 _a142 p. ;
_c22 cm.
500 _aIncluye referencias bibliográficas y notas al pie de las páginas
049 _aBNPD
999 _c34800
_d34800